Statistics for Great Apes

Click here to take the quiz!

General Stats

  • This quiz has been taken 42 times
  • The average score is 7 of 8

Answer Stats

Answer% Correct
Eastern Gorilla
100%
Western Gorilla
100%
Bornean Orangutan
97%
Sumatran Orangutan
97%
Tapanuli Orangutan
97%
Chimpanzee
92%
Bonobo
85%
Human
67%

Score Distribution

Percentile by Number Answered

Percent of People with Each Score

Your Score History

You have not taken this quiz